00477nam a2200169Ia 4500003000900000005001700009008004100026040003300067041001500100080001100115100002600126245003300152260007300185300002500258942000700283999001700290LK-CoDNM20240823115039.0010623t1909 xxu||||| |||| 00| 1 eng d aLK-CoDNMdLK-CoDNMeLK-CoDNM aengaHindi a7 bO4 aRay,Praphulla Chandra aA History of Hindu Chemistry bThe Bengal Chemical and Pharmaceutical works LimitedaCalcuttac1909 bxcvi, 421p. : 19 cm cBK c86983d86983